| 000 | 00353nam a22001337a 4500 | ||
|---|---|---|---|
| 008 | 250306b |||||||| |||| 00| 0 eng d | ||
| 020 | _a9789782409588 | ||
| 050 |
_aHJ4113 _b.O33 |
||
| 100 | _aOgbuefi U Joseph | ||
| 245 | _aComparative Property and Taxation | ||
| 260 |
_aEnugu _bInstitute for Development Studies _c2004 |
||
| 300 | _ax,240p | ||
| 942 | _cBK | ||
| 999 |
_c2136 _d2136 |
||